Princípy, pravidlá, metódy a dokumentácia transferového oceňovania

Podklady pre posudzovanie ceny transakcie správcom dane. Využitie dokumentácie k transferovým cenám. Formy dokumentácie - globálna, lokálna. Dokumentácia v SR.

Enregistré dans:
Détails bibliographiques
Auteur principal: Reháková, Alena
Format: Chapitre de livre
Langue:slovaque
Sujets:
Tags: Ajouter un tag
Pas de tags, Soyez le premier à ajouter un tag!

MARC

LEADER 00000naa$a2200000$$$4500
001 0099134
005 20230927074614.1
041 0 |a slo 
044 |a SK 
245 1 0 |a Princípy, pravidlá, metódy a dokumentácia transferového oceňovania  |c Alena Reháková ... [et al.] 
520 |a Podklady pre posudzovanie ceny transakcie správcom dane. Využitie dokumentácie k transferovým cenám. Formy dokumentácie - globálna, lokálna. Dokumentácia v SR. 
610 2 0 |a oceňovanie transferové 
610 2 0 |a dokumentácia 
610 2 0 |a Slovensko 
100 1 |a Reháková, Alena